Missing Word: College Football Nicknames II Quiz Stats

 Plays Quiz Updated Oct 17, 2015

Score 0/18 Timer 03:00
5 Plays Today
College Team Missing Word % Correct
Miami _____Hurricanes
92.9%
Michigan State _____Spartans
91.9%
Kentucky _____Wildcats
91.2%
Oregon State _____Beavers
90.2%
Rutgers Scarlet _____Knights
89.9%
Illinois Fighting _____Illini
88.8%
South Carolina _____Gamecocks
88.7%
West Virginia _____Mountaineers
86.3%
Southern California _____Trojans
85.6%
College Team Missing Word % Correct
Temple _____Owls
85.4%
Ole Miss _____Rebels
85.2%
Virginia _____Cavaliers
84.1%
Wake Forest Demon _____Deacons
83.3%
East Carolina _____Pirates
80.7%
San Diego State _____Aztecs
78.9%
New Mexico _____Lobos
78.4%
South Alabama _____Jaguars
63.6%
Idaho _____Vandals
62.4%

Today's Daily Dose

You're not logged in!

Compare scores with friends on all Sporcle quizzes.
OR
Log In

You Might Also Like...

Show Comments

Extras

Top Quizzes Today


Score Distribution

Your Account Isn't Verified!

In order to create a playlist on Sporcle, you need to verify the email address you used during registration. Go to your Sporcle Settings to finish the process.

Report this User

Report this user for behavior that violates our Community Guidelines.

Details: